00405nam a2200157Ia 450000500170000000800410001702000150005808200130007310000210008624500370010726000520014430000110019665000120020765000150021965000130023420240731042233.0240331s9999 xx 000 0 und d a9559296019 a294bDIS aDisanayaka, J B. 0aSarnath :bthe cadle of Buddhism aColombobSri Lanka Rupavahini corporationc1994 a30 p., aHistory aPhilosophy aBuddhism